000 01208cam a2200337 i 4500
001 16963
003 Mx-PuUPA
005 20250623123608.0
008 140415s2012 nyua dr 000 0 eng d
020 _a9780385742894
_qrústica
040 _aMx-PuUPA
_bspa
_cMx-PuUPA
_dMx-PuUPA
_erda
041 0 _aeng
100 1 _aDashner, James,
_d1972-
_eautor
_915261
245 1 0 _aThe kill order /
_cJames Dashner
250 _a1st. edition
264 1 _aNew York, NY :
_bDelacorte Press,
_c2012
300 _a329 páginas, 49 páginas sin numerar :
_bilustraciones ;
_c21 cm.
336 _2rdacontent
_atexto
_btxt
337 _2rdamedia
_asin medio
_bn
338 _2rdacarrier
_avolumen
_bnc
490 0 _aThe Maze Runner Series ;
_vbk.4
650 7 _2armarc
_aSupervivencia
_xNovela
650 7 _2armarc
_aVirosis
_xNovela juvenil
650 7 _2armarc
_aDesastres naturales
_xNovela juvenil
650 7 _2armarc
_aCiencias ficción
650 7 _2armarc
_aAdolescentes
_xNovela
_ySiglo XXI
785 0 0 _aDashner, James, 1972-
_tThe fever code.
_dNew York, NY : Delacorte Press, 2016
_w(Mx-PuUPA) 3171
_z9780553513127
942 _2ddc
_cLI
_h813
_iD22
999 _c16963
_d16963